000 00768nam 22002293 4500
001 198125
090 _a198125
100 _a20250926d u||y0pory50 ba
101 _apor
200 _aUm homem que casou com uma sereia e uma mulher que casou com um crocodilo
_fAnónimo
_gApresentação e tradução de Manuel João Gomes
205 _a
210 _aLisboa
_cEditora Arcádia
_d1979
215 _a255, [9] p. : il.
_cBrochado
_d21 cm
225 _aMeia-Noite
_v10
300 _aAntologia de contos
606 _914125
_aLiteratura
_xAntologia. Contos
675 _a82-34(082.2)/ANO/HOM
_vPT
_zpor
700 _91351
_aAnónimo
702 _93286
_aGomes
_bManuel João
_f1946-2007
801 _aPT
_bBMMN
_gRPC
830 _cCarlos Pinto
_d26-09-2025
_fCarlos Pinto
990 _cLIVROS